| 000 | 00337 a2200145 4500 | ||
|---|---|---|---|
| 001 | 166632 | ||
| 020 | _a | ||
| 040 | _cMagnum | ||
| 100 | _aSantos, Santa Marli Pires Dos | ||
| 240 | 1 | 0 |
_aBrinquedoteca: sucata vira brinquedo _lpor |
| 245 | 1 | 0 | _aBrinquedoteca: sucata vira brinquedo |
| 362 | 0 | _a1899 | |
| 697 | _aENSINO | ||
| 942 | _cBK | ||
| 999 |
_c166632 _d166632 |
||